E-MAA Pre-natal Remote Monitoring Unit: High Impact, Maximum Outreach (Record no. 12945)
[ view plain ]
| 000 -LEADER | |
|---|---|
| fixed length control field | 00449nam a22001337a 4500 |
| 082 ## - DEWEY DECIMAL CLASSIFICATION NUMBER | |
| Classification number | BEE-2 ARE |
| 100 ## - MAIN ENTRY--PERSONAL NAME | |
| Personal name | Areesh Tahir |
| 9 (RLIN) | 92225 |
| 245 ## - TITLE STATEMENT | |
| Title | E-MAA Pre-natal Remote Monitoring Unit: High Impact, Maximum Outreach |
| 260 ## - PUBLICATION, DISTRIBUTION, ETC. | |
| Place of publication, distribution, etc. | Islamabad |
| Name of publisher, distributor, etc. | NUST-SEECS |
| Date of publication, distribution, etc. | 2014 |
| 500 ## - GENERAL NOTE | |
| General note | Supervisor: Dr.Osman Hassan |
| 700 ## - ADDED ENTRY--PERSONAL NAME | |
| Personal name | Areesh Tahir, Atif Khan, M. Sohaib Jasim |
| 9 (RLIN) | 92226 |
| 856 ## - ELECTRONIC LOCATION AND ACCESS | |
| Uniform Resource Identifier | <a href="http://10.250.8.41:8080/xmlui/handle/123456789/10644">http://10.250.8.41:8080/xmlui/handle/123456789/10644</a> |
| 942 ## - ADDED ENTRY ELEMENTS (KOHA) | |
| Koha item type | Project Report |
| Source of classification or shelving scheme | |
| Withdrawn status | Lost status | Damaged status | Not for loan | Collection code | Permanent Location | Current Location | Shelving location | Date acquired | Total Checkouts | Full call number | Barcode | Date last seen | Date last checked out | Price effective from | Koha item type | Source of classification or shelving scheme |
|---|---|---|---|---|---|---|---|---|---|---|---|---|---|---|---|---|
| WITHDRAWN | Central Library (CL) | Central Library (CL) | General Stacks | 10/12/2014 | 1 | BEE-2 ARE | SEECSP01548 | 06/20/2022 | 07/05/2015 | 10/12/2014 | Project Report | |||||
| WITHDRAWN | Central Library (CL) | Central Library (CL) | Thesis | 06/23/2021 | 621.3 | CL-BP-707 | 06/23/2021 | 06/23/2021 | Thesis |
